Podpora mnohofunkčnému poľnohospodárstvu
Súčasný dotačný systém vyrovnáva príjmy neefektívnych producentov s príjmami efektívnych prvovýrobcov. Efektívnosť v poľnohospodárstve a priblíženie sa úrovni krajín EÚ je možné dosiahnuť zmenou systému dotácií.
Salvato in:
| Autore principale: | |
|---|---|
| Natura: | Capitolo di libro |
| Lingua: | slovacco |
| Soggetti: | |
| Tags: |
Nessun Tag, puoi essere il primo ad aggiungerne!!
|
MARC
| LEADER | 00000naa a2200000 4500 | ||
|---|---|---|---|
| 001 | r037055 | ||
| 005 | 20230920071119.7 | ||
| 041 | 0 | |a slo | |
| 044 | |a SK | ||
| 245 | 1 | 0 | |a Podpora mnohofunkčnému poľnohospodárstvu |c Alexander Sotník |
| 520 | |a Súčasný dotačný systém vyrovnáva príjmy neefektívnych producentov s príjmami efektívnych prvovýrobcov. Efektívnosť v poľnohospodárstve a priblíženie sa úrovni krajín EÚ je možné dosiahnuť zmenou systému dotácií. | ||
| 610 | 2 | 0 | |a poľnohospodárstvo |
| 610 | 2 | 0 | |a dotácie |
| 610 | 2 | 0 | |a produkcia |
| 610 | 2 | 0 | |a príjmy |
| 610 | 2 | 0 | |a potraviny |
| 610 | 2 | 0 | |a ceny |
| 610 | 2 | 0 | |a fondy štruktúrne |
| 610 | 2 | 0 | |a Európska únia |
| 610 | 2 | 0 | |a Slovensko |
| 100 | 1 | |a Sotník, Alexander | |